000
00269nam a2200121Ia 4500
008
190216s9999||||xx |||||||||||||| ||und||
100
_a
Sher Jung
245
0
_a
Tryst With Tigers
260
_b
Orient Paper Back
_c
1975
300
_a
235
650
_a
Novel
942
_c
BK
999
_c
12344
_d
12344